000 00749nam a2200181Ia 4500
008 090123s9999 xx 000 0 und d
082 _b3689
_a891.463/चित्रे
100 _aचित्रे दिलिप पुरुषोत्तम
245 _aत्याची व्याली अशी पोरे
250 _a1
260 _bइंदिरा प्रेस
_c1974
300 _a83
600 _aचित्रे दिलिप पुरुषोत्तम
630 _aत्याची व्याली अशी पोरे
700 _aचित्रे दिलिप पुरुषोत्तम
730 _aत्याची व्याली अशी पोरे
942 _cBOOK
999 _c41768
_d41768